Detalles MARC
| 000 -LIDER |
| fixed length control field |
00863nam a22002537a 4500 |
| 001 - NÚMERO DE CONTROL |
| Identificador de número de control |
0011792 |
| 003 - IDENTIFICACDOR DE NÚMERO DE CONTROL |
| control field |
DO-SdBPM |
| 005 - DATE AND TIME OF LATEST TRANSACTION |
| control field |
20241211125519.0 |
| 008 - ELEMENTOS DE LONGITUD FIJA |
| fixed length control field |
180209b2000 mx | 00| 0 spa d |
| 020 ## - ISBN |
| International Standard Book Number |
1581700385 |
| 040 ## - FUENTE DE CATALOGACIÓN |
| Agencia que crea de manera original el registro |
DO-SdBPM |
| Idioma de catalogación |
spa |
| Agencia que realiza la transcripción |
BPMSU |
| 082 #4 - NÚMERO DE CLASIFICACIÓN DECIMAL DE DEWEY |
| Classification number |
248.5 |
| Item number |
L343p 2000 |
| Edition number |
22 |
| 100 1# - ASIENTO PRINCIPAL -- NOMBRE PERSONAL |
| Nombre personal |
Lashbrook, Marilyn |
| Fechas asociadas con el nombre |
1950- |
| 245 ## - MENCIÓN DE TITULO |
| Título |
Puedo ver : |
| Subtítulo |
la historia del hombre que nación ciego / |
| Mención de responsabilidad |
Marilyn Lashbrook ; ilustraciones Stephanie Britt, |
| 260 ## - PUBLICACIÓN, DISTRIBUCIÓN, ETC. (PIE DE IMPRENTA) |
| Lugar de publicación, distribución, etc |
México : |
| Nombre del editor, distribuidor, etc. |
Arco Iris Internacional, |
| Fecha de publicación, distribución, etc |
2000. |
| 300 ## - DESCRIPCIÓN FÍSICA |
| Extensión |
Varias paginaciones : |
| Otros detalles físicos |
ilustraciones ; |
| Dimensiones |
23 cm. |
| 490 0# - MENCIÓN DE SERIES |
| Mención de serie |
Libros yo tambien |
| 590 ## - NOTA LOCAL |
| Texto de la nota local |
Inventariado, 2024/VM |
| 650 #4 - ENCABEZAMIENTO DE MATERIA--TEMÁTICO |
| Término temático o nombre geográfico como elemento de entrada |
Historias bíblicas para niños |
| 650 #4 - ENCABEZAMIENTO DE MATERIA--TEMÁTICO |
| Término temático o nombre geográfico como elemento de entrada |
Literatura infantil para niños |
| 700 1# - ASIENTO SECUNDARIO -- NOMBRE PERSONAL |
| Nombre personal |
Mcfetridge Britt, Stephanie |
| Mención de responsabilidad |
ilustración |
| 910 ## - VALIDACIÓN |
| Validación |
VMateo V. Control de calidad. BPMSU |
| 942 ## - ADDED ENTRY ELEMENTS (KOHA) |
| Source of classification or shelving scheme |
Dewey Decimal Classification |
| Koha item type |
Libros |